000 01129nam a2200433 a 4500
003 AR-BaBNM
005 20251128204652.0
008 082120s2002 ||||||||||||||000 | spa||
020 _a0-13-477555-4
040 _cAR-BaBNM
100 1 _aSharpe, William F.
245 0 0 _aInvestments
250 _a4ª ed.
260 _aNew Jersey
_bPrentice-Hall International
_c1990
300 _a833 p.
_bgráfs.,tablas
500 _aGlosario p. 795-815
504 _aBibliografía se encuentra a pie de página
650 4 _aHISTORIA FINANCIERA
650 4 _aIMPUESTOS
650 4 _aTEORIA ECONOMICA
650 4 _aHISTORIA ECONOMICA
650 4 _aSOCIEDADES COMERCIALES
650 4 _aCOMERCIO
650 4 _aINVERSION
650 4 _aIMPUESTOS
650 4 _aPLANIFICACION ECONOMICA
650 4 _aCOSTOS
650 4 _aCREDITO
650 4 _aFINANZAS
650 4 _aGASTOS
650 4 _aINGRESO
650 4 _aACCIONES
650 4 _aADMINISTRACION FINANCIERA
650 4 _aECONOMIA DE LA EMPRESA
650 4 _aADMINISTRACION DE EMPRESAS
700 1 _aAlexander, Gordon J.
942 _cBK
998 _cmariana
999 _c8322
_d8322